书目信息 |
| 题名: |
野火春风斗古城
|
|
| 作者: | 李英儒 著 | |
| 分册: | ||
| 出版信息: | 北京 人民文学出版社 1962.06 |
|
| 页数: | 528页 | |
| 开本: | 32开 | |
| 丛书名: | ||
| 单 册: | ||
| 中图分类: | I247.51 | |
| 科图分类: | ||
| 主题词: | 小说--中国 | |
| 电子资源: | ||
| ISBN: | 7-02-002626-5 | |
| 000 | 00518nam0 2200181 45 | |
| 001 | 0010220859 | |
| 005 | 20001022084647.4 | |
| 010 | @a7-02-002626-5@dCNY 20.20 | |
| 100 | @a20001022d1962 km y0chiy0120 ea | |
| 101 | 0 | @achi |
| 200 | 1 | @a野火春风斗古城@AYe Huo Chun Feng Dou Gu Cheng@f李英儒著@FLi Ying Ru Zhu |
| 210 | @a北京@c人民文学出版社@d1962.06 | |
| 215 | @a528页@d32开 | |
| 606 | 0 | @a小说@x中国 |
| 690 | @aI247.51@v3 | |
| 701 | 0 | @a李英儒@4著 |
| 801 | @aCN@bPftUser@c20001022 | |
| 905 | @b181226-228@dI247.51@eL747@f3 | |
| 野火春风斗古城/李英儒著.-北京:人民文学出版社,1962.06 |
| 528页;32开 |
| ISBN 7-02-002626-5:CNY 20.20 |
| ● |
| 相关链接 |
|
|
|
正题名:野火春风斗古城
索取号:I247.51/L747
 
预约/预借
| 序号 | 登录号 | 条形码 | 馆藏地/架位号 | 状态 | 备注 |
| 1 | 181226 | 201812262 | 社科二线400B/400B社科库 19排1列1层/ [索取号:I247.51/L747] | 在馆 | |
| 2 | 181227 | 201812271 | 文学库108/ [索取号:I247.51/L747] | 在馆 | |
| 3 | 181228 | 201812280 | 社科二线422/422社科库 4排1列5层/ [索取号:I247.51/L747] | 在馆 | |
| 4 | 397432 | 203974324 | 社科二线400B/400B社科库 6排2列3层/ [索取号:I247.51/L747] | 在馆 | |
| 5 | 397433 | 203974333 | 文学库108/108文学库 42排9列5层/ [索取号:I247.51/L747] | 在馆 | |
| 6 | 397434 | 203974342 | 社科二线400B/400B社科库 20排3列1层/ [索取号:I247.51/L747] | 在馆 |